<?xml version="1.0" encoding="UTF-8"?>
<record
    xmlns:xsi="http://www.w3.org/2001/XMLSchema-instance"
    xsi:schemaLocation="http://www.loc.gov/MARC21/slim http://www.loc.gov/standards/marcxml/schema/MARC21slim.xsd"
    xmlns="http://www.loc.gov/MARC21/slim">

  <leader>00740nam a22002177a 4500</leader>
  <controlfield tag="003">DO-SdBNP</controlfield>
  <controlfield tag="005">20220622135815.0</controlfield>
  <controlfield tag="007">ta</controlfield>
  <controlfield tag="008">220621b1999    |||||||| |||| 00| 0 spa d</controlfield>
  <datafield tag="040" ind1=" " ind2=" ">
    <subfield code="a">DO-SdBNP</subfield>
    <subfield code="b">spa</subfield>
    <subfield code="c">BNPHU</subfield>
  </datafield>
  <datafield tag="082" ind1="4" ind2=" ">
    <subfield code="a">XXX</subfield>
    <subfield code="2">22</subfield>
    <subfield code="b">A798p</subfield>
  </datafield>
  <datafield tag="245" ind1="1" ind2="0">
    <subfield code="a">Asambleas de paraje o barrio, instructivo :</subfield>
    <subfield code="b">programa de fortalecimiento de las provincias de la Regi&#xF3;n Nordeste /</subfield>
  </datafield>
  <datafield tag="260" ind1=" " ind2=" ">
    <subfield code="a">Santo Domingo :</subfield>
    <subfield code="b">ONAPLAN- BID,</subfield>
    <subfield code="c">1999.</subfield>
  </datafield>
  <datafield tag="300" ind1=" " ind2=" ">
    <subfield code="a">22 p. : </subfield>
    <subfield code="b">il.: </subfield>
    <subfield code="c">26 cm.</subfield>
  </datafield>
  <datafield tag="590" ind1=" " ind2=" ">
    <subfield code="a">Inventariado, 2022 / SA</subfield>
  </datafield>
  <datafield tag="650" ind1="4" ind2=" ">
    <subfield code="v">Asamblea</subfield>
    <subfield code="x">Gu&#xED;a de planificaci&#xF3;n</subfield>
    <subfield code="x">T&#xE9;cnica</subfield>
    <subfield code="9">81898</subfield>
    <subfield code="z">Regi&#xF3;n Nordeste</subfield>
  </datafield>
  <datafield tag="650" ind1="4" ind2=" ">
    <subfield code="x">Asamblea</subfield>
    <subfield code="v">Programa</subfield>
    <subfield code="z">Provincias Noroeste</subfield>
    <subfield code="9">81899</subfield>
  </datafield>
  <datafield tag="650" ind1="4" ind2=" ">
    <subfield code="x"> Instructivo</subfield>
    <subfield code="9">81901</subfield>
  </datafield>
  <datafield tag="910" ind1=" " ind2=" ">
    <subfield code="a">Saquino</subfield>
  </datafield>
  <datafield tag="942" ind1=" " ind2=" ">
    <subfield code="2">ddc</subfield>
    <subfield code="c">LF2</subfield>
  </datafield>
  <datafield tag="952" ind1=" " ind2=" ">
    <subfield code="0">0</subfield>
    <subfield code="1">0</subfield>
    <subfield code="2">ddc</subfield>
    <subfield code="5">1</subfield>
    <subfield code="7">0</subfield>
    <subfield code="8">PD-F</subfield>
    <subfield code="a">BNPHU</subfield>
    <subfield code="b">BNPHU</subfield>
    <subfield code="d">2022-06-21</subfield>
    <subfield code="o">BNPHU F-PD xxx A798p</subfield>
    <subfield code="p">2022-3113</subfield>
    <subfield code="r">2022-06-21</subfield>
    <subfield code="w">2022-06-21</subfield>
    <subfield code="y">LF2</subfield>
  </datafield>
  <datafield tag="999" ind1=" " ind2=" ">
    <subfield code="c">52083</subfield>
    <subfield code="d">52083</subfield>
  </datafield>
</record>
